000 00446nam a2200181Ia 4500
005 20250423101142.0
008 250422s9999 xx 000 0 und d
020 _a0- 321- 33776- X
050 _aE 178.1 .A49355/
245 4 _aThe American people: creating a nation and a society
250 _a7th ed.
260 _aNew York
260 _bLongman
260 _c2006
300 _a550 p
650 _aUnited states- history
942 _cBK
999 _c35447
_d35447